000 00747nam a2200265Ia 4500
001 dia_3562
003 CHAP
005 20251027144420.0
008 220117s2003 xx 000 0 und d
010 _a174020
020 _a0-306-47291-0
040 _cCHAP
082 _a664.07 H88
100 _aHutchings, John B.
_957017
245 _aExpectations and the food industry, the impact of color and appearance /
_c John B, Hutchings
260 _aE. U. kluwer academic
_c2003
300 _a180 p
500 _aI.222283
650 _aalimentos
_xCalidad
650 _aAlimentos
_xIndustria
_94227
901 _a664.07 H88
902 _aM
905 _a0000002003 E.UX 0000000000spa00
942 _cLIBRO
_2ddc
999 _c174020
_d174020